000 00265nam a22001217a 4500
999 _c155368
_d155368
082 _a
_b
100 _aSadasivan
245 _aSri Narayana Gurudevan jeevithacharithram/
_cby Sadasivan/
260 _a
_b
_c2007.
300 _a267p.
650 _a
942 _cBK